Campbell's core orthopaedic procedures / (Record no. 129061)

MARC details
000 -LEADER
fixed length control field 00756cam a2200253Ii 4500
008 - FIXED-LENGTH DATA ELEMENTS--GENERAL INFORMATION
fixed length control field
020 ## - INTERNATIONAL STANDARD BOOK NUMBER
International Standard Book Number 9780323357630 (hbk.)
049 ## - LOCAL HOLDINGS (OCLC)
Holding library MAIN
090 ## - LOCALLY ASSIGNED LC-TYPE CALL NUMBER (OCLC); LOCAL CALL NUMBER (RLIN)
Classification number (OCLC) (R) ; Classification number, CALL (RLIN) (NR) RD731
Local cutter number (OCLC) ; Book number/undivided call number, CALL (RLIN) CAM
003 - CONTROL NUMBER IDENTIFIER
control field
005 - DATE AND TIME OF LATEST TRANSACTION
control field 20230123122154.0
040 ## - CATALOGING SOURCE
Transcribing agency NUST
245 00 - TITLE STATEMENT
Title Campbell's core orthopaedic procedures /
Statement of responsibility, etc. [edited by] S. Terry Canale, MD, James H. Beaty, MD, Frederick M. Azar, MD.
300 ## - PHYSICAL DESCRIPTION
Extent xvii, 455 p. :
Other physical details ill. ;
Dimensions 28 cm.
500 ## - GENERAL NOTE
General note Includes index.
650 #0 - SUBJECT ADDED ENTRY--TOPICAL TERM
Topical term or geographic name entry element Orthopedic surgery.
650 #2 - SUBJECT ADDED ENTRY--TOPICAL TERM
Topical term or geographic name entry element Orthopedics.
650 #2 - SUBJECT ADDED ENTRY--TOPICAL TERM
Topical term or geographic name entry element Orthopedic Procedures.
700 1# - ADDED ENTRY--PERSONAL NAME
Personal name Canale, S. T.
700 1# - ADDED ENTRY--PERSONAL NAME
Personal name Beaty, James H.
700 1# - ADDED ENTRY--PERSONAL NAME
Personal name Azar, Frederick M.
907 ## - LOCAL DATA ELEMENT G, LDG (RLIN)
a .b10363993
b 28-10-15
c 28-10-15
942 ## - ADDED ENTRY ELEMENTS (KOHA)
Koha item type Ordinary Loan Books
Call number prefix RD731
Call number suffix CAM
Holdings
Date last seen Total Checkouts Full call number Barcode Cost, replacement price Price effective from Koha item type Lost status Source of classification or shelving scheme Damaged status Not for loan Collection Withdrawn status Home library Current library Shelving location Date acquired Cost, normal purchase price
01/23/2023   RD731 CAM 92004040843 80.00 01/23/2023 BOOKS   LCC     NFIC   MAIN MAIN GEN 01/23/2023 80.00